Kam zmizel zlatý poklad republiky

Guardado en:
Detalles Bibliográficos
Autor principal: Motl, S.
Formato: Libro
Lenguaje:checo
Publicado: Praha Rybka Publishers 2003
Materias:
Etiquetas: Agregar Etiqueta
Sin Etiquetas, Sea el primero en etiquetar este registro!

MARC

LEADER 00000nam$a2200000$$$4500
001 0029830
005 20240306141439.4
020 |a 80-86182-69-X 
041 0 |a cze 
044 |a CZ 
245 1 0 |a Kam zmizel zlatý poklad republiky  |c Stanislav Motl 
264 1 |a Praha  |b Rybka Publishers  |c 2003 
300 |a 263 s. 
610 2 0 |a história 
610 2 0 |a vojny 
610 2 0 |a konflikty medzinárodné 
610 2 0 |a dejiny 
610 2 0 |a zlato 
610 2 0 |a politika medzinárodná 
610 2 0 |a armáda 
610 2 0 |a osobnosť 
610 2 0 |a kovy drahé 
610 2 0 |a Československo 
100 1 |a Motl, S.